| 000 | 00756nam a2200253 a 4500 | ||
|---|---|---|---|
| 001 | 64776 | ||
| 003 | BD-RjUL | ||
| 005 | 20211209081341.0 | ||
| 008 | 170222s1981 oncab b 001 0 eng c | ||
| 020 | _a0771012446 | ||
| 020 | _a0771012462 (pbk.) | ||
| 035 | _a(BD-RjUL)64906 | ||
| 040 |
_aMH _cMH _dBD-RjUL _beng |
||
| 041 | _aeng | ||
| 082 |
_223 _a971.034 _bEBF 1981 |
||
| 100 | 1 |
_aBerton, Pierre, _d1920-2004. _9192072 |
|
| 245 | 1 | 0 |
_aFlames across the border : _b1813-1814 / _cPierre Berton. |
| 260 |
_aToronto : _bMcClelland and Stewart, _cc1981. |
||
| 300 |
_a492 p. : _bill. ; _c25 cm. |
||
| 500 | _aIncludes index. | ||
| 504 | _aBibliography: p. 465-479. | ||
| 651 | 0 |
_aUnited States _xHistory _yWar of 1812 _xCampaigns. _9192073 |
|
| 942 |
_2ddc _cBK |
||
| 999 |
_c64776 _d64776 |
||